[Event "Danmarksmesterskabet 1976"]
[Site "Aarhus"]
[Date "1976.04.16"]
[Round "7"]
[White "Hvenekilde, Jorgen"]
[Black "From, Sigfred"]
[Result "1-0"]
[WhiteElo "2320"]
[BlackElo "2198"]
[PlyCount "51"]
[EventDate "1976.04.10"]
[EventType "swiss"]
[EventRounds "10"]
[EventCountry "DEN"]
[SourceTitle "ChessBase"]

1. e4 e5 2. Bc4 d6 3. Nf3 f5 4. d3 Be7 5. O-O Nc6 6. Re1 Na5 7. Bxg8 Rxg8 8. b4 Nc6 9. b5 Nb8 10. Nc3 a6 11. d4 fxe4 12. Nxe4 Bg4 13. Qd3 Rf8 14. dxe5 Bxf3 15. exd6 Bxe4 16. Rxe4 Qxd6 17. Bg5 Rf7 18. Rd4 Qxd4 19. Qxd4 Bxg5 20. Qe4+ Re7 21. Qxb7 Nd7 22. Qxa8+ Kf7 23. Qd5+ Kg6 24. bxa6 Bf6 25. Rb1 Nb6 26. Qc6 1-0

[Event "Danmarksmesterskabet 1976"]
[Site "Aarhus"]
[Date "1976.04.16"]
[Round "7"]
[White "Kristensen, Leif Sogaard"]
[Black "Brinck Claussen, Bjorn"]
[Result "0-1"]
[WhiteElo "2240"]
[BlackElo "2399"]
[PlyCount "28"]
[EventDate "1976.04.10"]
[EventType "swiss"]
[EventRounds "10"]
[EventCountry "DEN"]
[SourceTitle "ChessBase"]

1. e4 e6 2. d4 d5 3. exd5 exd5 4. Bd3 Nc6 5. c3 Bd6 6. Ne2 Nge7 7. Bf4 Bf5 8. O-O O-O 9. Re1 Re8 10. Bxd6 Qxd6 11. Bxf5 Nxf5 12. Qd3 Qg6 13. Qf3 Nfxd4 14. cxd4 Nxd4 0-1

[Event "Danmarksmesterskabet 1976"]
[Site "Aarhus"]
[Date "1976.04.16"]
[Round "7"]
[White "Kristiansen, Jens"]
[Black "Sahl, Bjarke"]
[Result "1/2-1/2"]
[WhiteElo "2412"]
[BlackElo "2209"]
[PlyCount "89"]
[EventDate "1976.04.10"]
[EventType "swiss"]
[EventRounds "10"]
[EventCountry "DEN"]
[SourceTitle "ChessBase"]

1. e4 d6 2. d4 Nf6 3. Nc3 g6 4. Nf3 Bg7 5. h3 O-O 6. Be3 Nbd7 7. e5 Ne8 8. Bc4 Nb6 9. Be2 c6 10. Qd2 Be6 11. b3 dxe5 12. dxe5 Nc7 13. Rd1 Qxd2+ 14. Rxd2 Nbd5 15. Nxd5 Nxd5 16. Bg5 f6 17. Bh4 Bh6 18. Rd1 Nf4 19. Kf1 Bd5 20. c4 Be4 21. Rd4 Bb1 22. Bg3 fxe5 23. Nxe5 Rad8 24. Rxd8 Rxd8 25. Ng4 Bg5 26. h4 Nxe2 27. Kxe2 Bd3+ 28. Ke1 Bc1 29. Ne5 Bc2 30. Ke2 Rd2+ 31. Kf3 Bd1+ 32. Ke4 c5 33. Nd3 Re2+ 34. Kd5 Rd2 35. Ke4 Re2+ 36. Kd5 e6+ 37. Kxc5 Ba3+ 38. Kd4 Rd2 39. Ke3 Re2+ 40. Kd4 Rd2 41. Ke3 Re2+ 42. Kd4 Bc2 43. Kc3 e5 44. Nc1 Bxc1 45. Rxc1 1/2-1/2

[Event "Danmarksmesterskabet 1976"]
[Site "Aarhus"]
[Date "1976.04.16"]
[Round "7"]
[White "Mortensen, Erling"]
[Black "Jacobsen, Bo"]
[Result "1/2-1/2"]
[WhiteElo "2244"]
[BlackElo "2352"]
[PlyCount "51"]
[EventDate "1976.04.10"]
[EventType "swiss"]
[EventRounds "10"]
[EventCountry "DEN"]
[SourceTitle "ChessBase"]

1. c4 g6 2. d4 Bg7 3. Nc3 Nf6 4. e4 d6 5. Be2 O-O 6. Bg5 c5 7. dxc5 Qa5 8. Bd2 dxc5 9. e5 Ne8 10. f4 Nc6 11. Nf3 f6 12. O-O fxe5 13. Nd5 Qd8 14. fxe5 Nxe5 15. Nxe5 Rxf1+ 16. Kxf1 Bxe5 17. Bg5 Qd7 18. Nxe7+ Kg7 19. Bf3 Bxh2 20. Nxc8 Qf5 21. Qd8 Rxc8 22. Qe7+ Kh8 23. Rd1 Be5 24. Rd5 Qb1+ 25. Rd1 Qf5 26. Rd5 1/2-1/2

[Event "Danmarksmesterskabet 1976"]
[Site "Aarhus"]
[Date "1976.04.16"]
[Round "7"]
[White "Sloth, Jorn"]
[Black "Nielsen, Poul Erik"]
[Result "1/2-1/2"]
[WhiteElo "2438"]
[BlackElo "2202"]
[PlyCount "44"]
[EventDate "1976.04.10"]
[EventType "swiss"]
[EventRounds "10"]
[EventCountry "DEN"]
[SourceTitle "ChessBase"]

1. Nf3 Nf6 2. g3 g6 3. Bg2 Bg7 4. c4 O-O 5. O-O d6 6. Nc3 c6 7. d3 a6 8. Bg5 h6 9. Be3 Ng4 10. Bd2 c5 11. Qc1 Kh7 12. h3 Nf6 13. Rb1 Nc6 14. a3 Nd4 15. Nxd4 cxd4 16. Na2 Ra7 17. e3 Ng8 18. Nb4 Bf5 19. e4 Bd7 20. Nd5 e6 21. Nf4 Qb8 22. Qe1 Rc8 1/2-1/2

[Event "Danmarksmesterskabet 1976"]
[Site "Aarhus"]
[Date "1976.04.17"]
[Round "8"]
[White "Bang, Erik"]
[Black "Sloth, Jorn"]
[Result "1/2-1/2"]
[WhiteElo "2302"]
[BlackElo "2438"]
[PlyCount "24"]
[EventDate "1976.04.10"]
[EventType "swiss"]
[EventRounds "10"]
[EventCountry "DEN"]
[SourceTitle "Erik Bang"]

1. Nf3 Nf6 2. c4 d6 3. g3 Bg4 4. Bg2 Qc8 5. d4 g6 6. Nc3 Bg7 7. Qb3 Nc6 8. Be3 Nd7 9. h3 Bxf3 10. Bxf3 O-O 11. Rd1 e5 12. dxe5 dxe5 1/2-1/2

[Event "Danmarksmesterskabet 1976"]
[Site "Aarhus"]
[Date "1976.04.17"]
[Round "8"]
[White "Brinck Claussen, Bjorn"]
[Black "Jacobsen, Bo"]
[Result "0-1"]
[WhiteElo "2399"]
[BlackElo "2352"]
[PlyCount "106"]
[EventDate "1976.04.10"]
[EventType "swiss"]
[EventRounds "10"]
[EventCountry "DEN"]
[SourceTitle "ChessBase"]

1. d4 Nf6 2. c4 g6 3. Nc3 Bg7 4. e4 d6 5. f3 O-O 6. Be3 b6 7. Bd3 e5 8. d5 Nbd7 9. Nge2 Nh5 10. Qd2 a5 11. O-O-O a4 12. g4 Nf4 13. Nxf4 exf4 14. Bxf4 Nc5 15. Kc2 Bd7 16. h4 a3 17. b3 Qf6 18. g5 Qe7 19. h5 f6 20. hxg6 hxg6 21. gxf6 Qxf6 22. Bh6 Nxd3 23. Qxd3 Qxf3 24. Bxg7 Qxd3+ 25. Kxd3 Kxg7 26. Rd2 Rh8 27. Rdh2 Rxh2 28. Rxh2 g5 29. Kd4 Kg6 30. e5 dxe5+ 31. Kxe5 Re8+ 32. Kd4 g4 33. b4 Bf5 34. c5 bxc5+ 35. bxc5 Kg5 36. Re2 Rb8 37. Ne4+ Bxe4 38. Rxe4 g3 39. Re5+ Kf4 40. Re7 g2 41. Rf7+ Kg3 42. Rg7+ Kf2 43. Rf7+ Kg1 44. Rxc7 Rg8 45. Rf7 Kh2 46. Rf2 Kh1 47. Rxg2 Rxg2 48. Kc3 Rxa2 49. Kb3 Ra1 50. d6 a2 51. d7 Rd1 52. Kxa2 Rxd7 53. Kb3 Rd4 0-1

[Event "Danmarksmesterskabet 1976"]
[Site "Aarhus"]
[Date "1976.04.17"]
[Round "8"]
[White "From, Sigfred"]
[Black "Hoi, Carsten"]
[Result "1-0"]
[WhiteElo "2198"]
[BlackElo "2304"]
[PlyCount "85"]
[EventDate "1976.04.10"]
[EventType "swiss"]
[EventRounds "10"]
[EventCountry "DEN"]
[SourceTitle "ChessBase"]

1. d4 d5 2. Nf3 Nf6 3. c4 dxc4 4. e3 e6 5. Bxc4 c5 6. O-O a6 7. a4 Nc6 8. Nc3 Be7 9. h3 O-O 10. Qe2 b6 11. Rd1 Qc7 12. d5 exd5 13. Nxd5 Nxd5 14. Bxd5 Bb7 15. e4 Rad8 16. Be3 Bf6 17. Rac1 h6 18. Nh2 Be5 19. Ng4 Bf4 20. Qf3 Bxe3 21. Nxe3 Ne7 22. b4 Nxd5 23. exd5 Qd7 24. bxc5 bxc5 25. a5 Qc7 26. Nc4 Rfe8 27. Rb1 Qd7 28. Qh5 g6 29. Qxh6 Bxd5 30. Ne3 Qe6 31. Qg5 Be4 32. Rxd8 Bxb1 33. Rxe8+ Qxe8 34. Qxc5 Bd3 35. Ng4 Qe6 36. Qd4 Bb5 37. h4 Qe1+ 38. Kh2 Qxa5 39. Nh6+ Kf8 40. Qh8+ Ke7 41. Qe5+ Kf8 42. h5 gxh5 43. Nf5 1-0

[Event "Danmarksmesterskabet 1976"]
[Site "Aarhus"]
[Date "1976.04.17"]
[Round "8"]
[White "Ingerslev, Aage"]
[Black "Bjerring, Kai"]
[Result "1-0"]
[WhiteElo "2291"]
[BlackElo "2320"]
[PlyCount "101"]
[EventDate "1976.04.10"]
[EventType "swiss"]
[EventRounds "10"]
[EventCountry "DEN"]
[SourceTitle "ChessBase"]

1. d4 Nf6 2. c4 c5 3. e3 g6 4. Nc3 Bg7 5. Nf3 O-O 6. Be2 Na6 7. O-O d5 8. Ne5 Be6 9. Bf3 Ne4 10. Nxd5 Bxd5 11. cxd5 cxd4 12. Bxe4 Bxe5 13. exd4 Bg7 14. Be3 Nc7 15. Qb3 Ne8 16. Rac1 Nd6 17. Bd3 Rc8 18. Rc5 Qd7 19. Rfc1 a6 20. a4 f5 21. f3 f4 22. Bf2 Bf6 23. h3 Rfd8 24. Kh2 Qe8 25. Qc2 Kg7 26. b3 Rb8 27. Qd2 Nf7 28. Be4 Qh8 29. R1c2 g5 30. Rc7 Nd6 31. Qd3 h5 32. Kg1 Ne8 33. R7c5 Kf8 34. Bf5 Nd6 35. Be6 Qg7 36. Qd2 h4 37. Kh2 Qh7 38. Rc1 Ne8 39. Rd1 Ng7 40. Qe2 Rd6 41. Qc4 Rbd8 42. Rc7 Nxe6 43. dxe6 Qf5 44. Rxb7 Qxe6 45. Qxe6 Rxe6 46. d5 Red6 47. Rb6 Rxd5 48. Rxd5 Rxd5 49. Rxa6 Rd2 50. Bc5 Rb2 51. Rxf6+ 1-0

[Event "Danmarksmesterskabet 1976"]
[Site "Aarhus"]
[Date "1976.04.17"]
[Round "8"]
[White "Kolbak, Jens"]
[Black "Brondum, Eric"]
[Result "1-0"]
[WhiteElo "2368"]
[BlackElo "2316"]
[PlyCount "71"]
[EventDate "1976.04.10"]
[EventType "swiss"]
[EventRounds "10"]
[EventCountry "DEN"]
[SourceTitle "ChessBase"]

1. e4 c5 2. Nc3 Nc6 3. g3 g6 4. Bg2 Bg7 5. d3 d6 6. Bg5 h6 7. Be3 e5 8. Nge2 Nge7 9. O-O h5 10. h3 Be6 11. Nd5 f6 12. c3 Qd7 13. Kh2 h4 14. g4 Bf7 15. d4 b6 16. Qd2 Nxd5 17. exd5 Ne7 18. dxe5 fxe5 19. a4 c4 20. Be4 Qb7 21. Rfd1 O-O-O 22. a5 b5 23. a6 Qc7 24. Ng1 Rdf8 25. Nf3 Bf6 26. Rdb1 Kd7 27. Rc1 Nc8 28. Rd1 Nb6 29. Ra5 Na4 30. Rxb5 Rb8 31. Rb4 Rxb4 32. cxb4 Rc8 33. Qc2 Nb6 34. Bxg6 Nxd5 35. Bxf7 Nxe3 36. fxe3 1-0

[Event "Danmarksmesterskabet 1976"]
[Site "Aarhus"]
[Date "1976.04.17"]
[Round "8"]
[White "Kristiansen, Jens"]
[Black "Rosenlund, Thorbjorn"]
[Result "1-0"]
[WhiteElo "2412"]
[BlackElo "2360"]
[PlyCount "49"]
[EventDate "1976.04.10"]
[EventType "swiss"]
[EventRounds "10"]
[EventCountry "DEN"]
[SourceTitle "ChessBase"]

1. e4 c5 2. Nf3 e6 3. d4 cxd4 4. Nxd4 Nf6 5. Nc3 d6 6. g4 a6 7. g5 Nfd7 8. Be3 Nc6 9. Bc4 Nde5 10. Be2 Na5 11. f4 Nec4 12. Bc1 d5 13. Qd3 b5 14. exd5 Bb7 15. Bf3 b4 16. Ne4 Bxd5 17. b3 Nd6 18. Bb2 Nab7 19. Nxd6+ Nxd6 20. Bxd5 exd5 21. O-O-O Qc8 22. Rhe1+ Ne4 23. Rxe4+ dxe4 24. Qxe4+ Be7 25. Nf5 1-0

[Event "Danmarksmesterskabet 1976"]
[Site "Aarhus"]
[Date "1976.04.17"]
[Round "8"]
[White "Nielsen, Poul Erik"]
[Black "Hansen, Jacob Ost"]
[Result "1/2-1/2"]
[WhiteElo "2202"]
[BlackElo "2408"]
[PlyCount "38"]
[EventDate "1976.04.10"]
[EventType "swiss"]
[EventRounds "10"]
[EventCountry "DEN"]
[SourceTitle "ChessBase"]

1. e4 c6 2. d4 d5 3. e5 Bf5 4. h4 h5 5. c4 e6 6. Nc3 dxc4 7. Bxc4 Nd7 8. Nf3 Ne7 9. Ng5 Nb6 10. Bb3 Ned5 11. O-O Be7 12. Bc2 Nxc3 13. bxc3 Bxc2 14. Qxc2 Qd5 15. Rb1 Rc8 16. Qb3 Rc7 17. Re1 Nc4 18. Ne4 b5 19. g3 a6 1/2-1/2

[Event "Danmarksmesterskabet 1976"]
[Site "Aarhus"]
[Date "1976.04.18"]
[Round "9"]
[White "Brinck Claussen, Bjorn"]
[Black "Rosell, Kaj"]
[Result "1-0"]
[WhiteElo "2399"]
[BlackElo "2306"]
[PlyCount "51"]
[EventDate "1976.04.10"]
[EventType "swiss"]
[EventRounds "10"]
[EventCountry "DEN"]
[SourceTitle "ChessBase"]

1. d4 g6 2. e4 Bg7 3. c4 d6 4. Nf3 Nd7 5. Nc3 e5 6. Be2 Ne7 7. O-O O-O 8. Rb1 a6 9. d5 h6 10. Ne1 f5 11. f3 Nf6 12. b4 f4 13. c5 g5 14. a4 h5 15. Ba3 Ne8 16. Nd3 Kh8 17. a5 Rg8 18. cxd6 cxd6 19. Na4 g4 20. Nb6 Rb8 21. fxg4 Nf6 22. Nf2 Bh6 23. gxh5 f3 24. Bxf3 Be3 25. Nxc8 Qxc8 26. Kh1 1-0

[Event "Danmarksmesterskabet 1976"]
[Site "Aarhus"]
[Date "1976.04.18"]
[Round "9"]
[White "Brondum, Eric"]
[Black "Kristiansen, Jens"]
[Result "0-1"]
[WhiteElo "2316"]
[BlackElo "2412"]
[PlyCount "48"]
[EventDate "1976.04.10"]
[EventType "swiss"]
[EventRounds "10"]
[EventCountry "DEN"]
[SourceTitle "ChessBase"]

1. d4 Nf6 2. c4 g6 3. Nc3 Bg7 4. e4 d6 5. f4 O-O 6. Nf3 c5 7. d5 e6 8. Be2 exd5 9. cxd5 Re8 10. e5 dxe5 11. fxe5 Ng4 12. Bg5 Qb6 13. O-O Nxe5 14. Nxe5 Bxe5 15. Bc4 Bf5 16. d6 Qxd6 17. Qb3 Be6 18. Nd5 Nc6 19. Rad1 Nd4 20. Qxb7 Rab8 21. Be7 Rxb7 22. Bxd6 Bxd6 23. Nf6+ Kf8 24. Nxe8 Kxe8 0-1

[Event "Danmarksmesterskabet 1976"]
[Site "Aarhus"]
[Date "1976.04.18"]
[Round "9"]
[White "Hansen, Jacob Ost"]
[Black "Bang, Erik"]
[Result "1-0"]
[WhiteElo "2408"]
[BlackElo "2302"]
[PlyCount "82"]
[EventDate "1976.04.10"]
[EventType "swiss"]
[EventRounds "10"]
[EventCountry "DEN"]
[SourceTitle "ChessBase"]

1. e4 c5 2. Nf3 e6 3. Nc3 a6 4. g3 b5 5. Bg2 Bb7 6. d3 Be7 7. O-O d6 8. Re1 Nf6 9. e5 dxe5 10. Nxe5 Qb6 11. a4 Bxg2 12. Kxg2 Qb7+ 13. Qf3 Qxf3+ 14. Kxf3 b4 15. Ne4 Nd5 16. Be3 f6 17. Nc4 Nd7 18. Kg2 O-O 19. f3 Rac8 20. Bf2 Rfd8 21. Na5 Rc7 22. Nd2 Kf7 23. Re2 Nf8 24. Ndc4 Rdc8 25. Rc1 Rd7 26. f4 Bd8 27. Nb3 Be7 28. Kf3 h5 29. h3 Rdc7 30. g4 hxg4+ 31. hxg4 Rd8 32. Bg3 Rcc8 33. f5 exf5 34. gxf5 Nh7 35. Kg4 Bf8 36. Re6 Ra8 37. Rc6 g6 38. Ne5+ fxe5 39. fxg6+ Kg8 40. Bxe5 Rac8 41. gxh7+ Kxh7 1-0

[Event "Danmarksmesterskabet 1976"]
[Site "Aarhus"]
[Date "1976.04.18"]
[Round "9"]
[White "Jacobsen, Bo"]
[Black "Sloth, Jorn"]
[Result "1/2-1/2"]
[WhiteElo "2352"]
[BlackElo "2438"]
[PlyCount "27"]
[EventDate "1976.04.10"]
[EventType "swiss"]
[EventRounds "10"]
[EventCountry "DEN"]
[SourceTitle "ChessBase"]

1. c4 Nf6 2. Nf3 c6 3. g3 d5 4. b3 dxc4 5. bxc4 e5 6. Nc3 Qa5 7. Qc2 Na6 8. Bg2 Be6 9. O-O Bb4 10. Ne4 Nxe4 11. Qxe4 f6 12. d4 Bxc4 13. dxe5 Bd5 14. Qg4 1/2-1/2

[Event "Danmarksmesterskabet 1976"]
[Site "Aarhus"]
[Date "1976.04.18"]
[Round "9"]
[White "Mortensen, Erling"]
[Black "Nielsen, Poul Erik"]
[Result "1/2-1/2"]
[WhiteElo "2244"]
[BlackElo "2202"]
[PlyCount "48"]
[EventDate "1976.04.10"]
[EventType "swiss"]
[EventRounds "10"]
[EventCountry "DEN"]
[SourceTitle "ChessBase"]

1. c4 Nf6 2. Nc3 g6 3. Nf3 Bg7 4. e4 c5 5. d4 cxd4 6. Nxd4 O-O 7. Be2 d6 8. O-O a6 9. Be3 e6 10. Qd2 Qc7 11. Rfd1 Nbd7 12. Nb3 Ne8 13. a4 b6 14. a5 bxa5 15. Nxa5 Rb8 16. Ra2 f5 17. exf5 gxf5 18. f4 Nc5 19. b4 Ne4 20. Nxe4 fxe4 21. g3 e5 22. c5 dxc5 23. Bxc5 Be6 24. Bxf8 Bxf8 1/2-1/2

[Event "Danmarksmesterskabet 1976"]
[Site "Aarhus"]
[Date "1976.04.18"]
[Round "9"]
[White "Sahl, Bjarke"]
[Black "Kolbak, Jens"]
[Result "0-1"]
[WhiteElo "2209"]
[BlackElo "2368"]
[PlyCount "92"]
[EventDate "1976.04.10"]
[EventType "swiss"]
[EventRounds "10"]
[EventCountry "DEN"]
[SourceTitle "ChessBase"]

1. d4 Nf6 2. c4 e6 3. Nc3 d5 4. Nf3 Be7 5. cxd5 exd5 6. Qc2 O-O 7. Bg5 c6 8. e3 Re8 9. Bd3 Nbd7 10. O-O Nf8 11. Rae1 g6 12. Ne5 Ne6 13. f4 Ng7 14. Qf2 Bf5 15. Bxf6 Bxf6 16. e4 dxe4 17. Bc4 Be6 18. Bxe6 Nxe6 19. Rxe4 Bh4 20. g3 f5 21. Re2 Bf6 22. Rd1 Nc7 23. h4 Qd6 24. g4 Rad8 25. gxf5 gxf5 26. Qg3+ Bg7 27. Rg2 Qf6 28. Kh1 Re7 29. Ne2 Ne6 30. Qb3 Kh8 31. Qc3 c5 32. d5 Nxf4 33. Nxf4 Rxe5 34. Qf3 Qxh4+ 35. Rh2 Re1+ 36. Rxe1 Qxe1+ 37. Kg2 Qe4 38. Ng6+ Kg8 39. Qxe4 fxe4 40. Ne7+ Kf7 41. Rxh7 Rh8 42. Rxh8 Bxh8 43. Nf5 Bxb2 44. Nd6+ Ke7 45. Nxe4 Bd4 46. a4 b6 0-1

[Event "Danmarksmesterskabet 1976"]
[Site "Aarhus"]
[Date "1976.04.19"]
[Round "10"]
[White "Brinck Claussen, Bjorn"]
[Black "Mortensen, Erling"]
[Result "1/2-1/2"]
[WhiteElo "2399"]
[BlackElo "2244"]
[PlyCount "50"]
[EventDate "1976.04.10"]
[EventType "swiss"]
[EventRounds "10"]
[EventCountry "DEN"]
[SourceTitle "B Brinck Clausen notebooks"]

1. d4 Nf6 2. c4 c5 3. d5 d6 4. Nc3 g6 5. e4 Bg7 6. Be2 O-O 7. Bg5 b5 8. cxb5 a6 9. bxa6 Bxa6 10. Nf3 Qb6 11. Rb1 h6 12. Bd2 Nbd7 13. h3 Rfb8 14. O-O Ne8 15. b3 Nc7 16. a4 Bxe2 17. Qxe2 Qa6 18. Qd1 Rb7 19. Qc2 Rab8 20. Nd1 c4 21. b4 Nc5 22. Ne3 Nxa4 23. Nxc4 Nc3 24. Na5 Nxb1 25. Rxb1 Qxa5 1/2-1/2

[Event "Danmarksmesterskabet 1976"]
[Site "Aarhus"]
[Date "1976.04.19"]
[Round "10"]
[White "Ingerslev, Aage"]
[Black "Hoi, Carsten"]
[Result "0-1"]
[WhiteElo "2291"]
[BlackElo "2304"]
[PlyCount "30"]
[EventDate "1976.04.10"]
[EventType "swiss"]
[EventRounds "10"]
[EventCountry "DEN"]
[SourceTitle "ChessBase"]

1. d4 Nf6 2. c4 g6 3. Nc3 Bg7 4. e4 d6 5. Nf3 O-O 6. Be2 Nbd7 7. O-O e5 8. d5 Nc5 9. Qc2 a5 10. Bg5 h6 11. Be3 Ng4 12. Bxc5 dxc5 13. h3 Nf6 14. Nxe5 Nxd5 15. Nxf7 Nb4 0-1

[Event "Danmarksmesterskabet 1976"]
[Site "Aarhus"]
[Date "1976.04.19"]
[Round "10"]
[White "Kristiansen, Jens"]
[Black "Jacobsen, Bo"]
[Result "1-0"]
[WhiteElo "2412"]
[BlackElo "2352"]
[PlyCount "35"]
[EventDate "1976.04.10"]
[EventType "swiss"]
[EventRounds "10"]
[EventCountry "DEN"]
[SourceTitle "ChessBase"]

1. e4 g6 2. d4 Bg7 3. Nc3 d6 4. Nf3 Nd7 5. Bg5 a5 6. a4 c6 7. Bc4 Qb6 8. Qd2 e5 9. dxe5 dxe5 10. O-O-O Ngf6 11. Qd6 Bf8 12. Bxf7+ Kxf7 13. Nxe5+ Kg7 14. Qe6 Rg8 15. Bxf6+ Nxf6 16. Qf7+ Kh8 17. Qxf6+ Bg7 18. Nf7# 1-0

[Event "Danmarksmesterskabet 1976"]
[Site "Aarhus"]
[Date "1976.04.19"]
[Round "10"]
[White "Sahl, Bjarke"]
[Black "Nielsen, Poul Erik"]
[Result "1-0"]
[WhiteElo "2209"]
[BlackElo "2202"]
[PlyCount "81"]
[EventDate "1976.04.10"]
[EventType "swiss"]
[EventRounds "10"]
[EventCountry "DEN"]
[SourceTitle "ChessBase"]

1. d4 d5 2. c4 Nc6 3. Nf3 Bg4 4. e3 e6 5. Be2 Nf6 6. O-O Be7 7. a3 O-O 8. Nbd2 Re8 9. b4 a6 10. Bb2 Ne4 11. Nxe4 dxe4 12. Nd2 Bxe2 13. Qxe2 f5 14. Rad1 Bf6 15. f3 exf3 16. Nxf3 Qe7 17. e4 fxe4 18. Qxe4 Rad8 19. Rfe1 Kh8 20. Rd2 Qf7 21. Rde2 Re7 22. Qg4 Rde8 23. Re4 b5 24. Rf1 Qg8 25. Rc1 Nd8 26. Ne5 Nf7 27. Nc6 Rd7 28. cxb5 axb5 29. Rce1 Ng5 30. Re5 Rd6 31. Rc5 Nf7 32. Na7 Nh6 33. Qe4 Red8 34. Nxb5 Rd5 35. Qxe6 Rxc5 36. bxc5 Qxe6 37. Rxe6 Nf5 38. g4 Nh4 39. Nxc7 Rb8 40. Re8+ Rxe8 41. Nxe8 1-0